000 00674nab a2200205 a 4500
005 20210219161102.0
008 991125s1985 mx 000 0 spa u
035 _aUPN01000178540
100 1 _aHerrera Ramírez, María Inmaculada
222 _aREVISTA ESPAÑOLA DE ORIENTACION Y PSICOPEDAGOGIA
245 _a¿ Tienen los adolescentes los mismos valores que sus padres ? : un estudio con alumnado CEUTI de educación secundaria
300 _a401-411
362 0 _a2010 Vol. 21, no. 2, may.-ago.
653 0 _aVALORES
653 0 _aADOLESCENTES
653 0 _aPADRES DE FAMILIA
700 1 _aHerrera Clavero, Francisco,
700 1 _ecoaut.
905 _aArticulo
999 _c150643
_d150643